Clo 1992

Saved in:
Bibliographic Details
Main Author: Nižňanský, Štefan
Format: Book
Language:Slovak
Published: Žilina Hermes 1992
Edition:1. vyd.
Subjects:
Tags: Add Tag
No Tags, Be the first to tag this record!

MARC

LEADER 00000nam a2200000 4500
001 c001002
005 20221214091723.9
020 |a 80-85445-10-7 
041 0 |a slo 
044 |a SK 
245 1 0 |a Clo 1992  |c Štefan Nižňanský 
250 |a 1. vyd. 
264 1 |a Žilina  |b Hermes  |c 1992 
300 |a 95 s. 
610 2 0 |a clá 
610 2 0 |a ČSFR 
610 2 0 |a 1992 
610 2 0 |a vyhlášky 
610 2 0 |a sadzby colné 
100 1 |a Nižňanský, Štefan